The 10 Most Common Surgeries in the U.S. - Statistics

General Stats
  • This quiz has been taken 789 times
  • The average score is 5 of 10
Answer Stats
Hint Answer % Correct
By 80 years old most Americans develop these in their eyes. Cataract Removal
89%
You'll need this procedure if your baby just won't come out naturally. C-Section
85%
This procedure isn't necessary but many choose to have their baby boys get it. Circumcision
83%
This procedure will help prevent heart attacks. Heart Bypass Surgery
54%
After this procedure women aren't able to get pregnant. Hysterectomy
51%
Because of arthritis some people need to get these replaced. Joint Replacement
45%
This procedure will make sure your arteries stay open. Stent Procedure
42%
If you have gallstones you should get this procedure. Gallbladder Removal
38%
During this surgery, the doctor may use screws, metal plates, and rods to fix what you've broken. Broken Bone Repair
29%
This procedure opens coronary arteries clogged with plaque. Angioplasty and Atherectomy
15%
No matching quizzes found
Score Distribution
Percent of People with Each Score
Percentile by Number Answered
Your Score History
You have not taken this quiz